Loading...
Auditory Arts | 6 | 10.00 | 100% | 0% | 0% |
Beliefs | 4 | 15.00 | 75% | 50% | 25% |
Fine Arts - Other Arts | 3 | 6.67 | 67% | 0% | 0% |
History - American History | 4 | 12.50 | 100% | 25% | 0% |
History - Ancient History | 2 | 10.00 | 100% | 0% | 0% |
History - European History | 4 | 15.00 | 75% | 50% | 25% |
History - Other History | 1 | 20.00 | 100% | 100% | 0% |
History - World History | 5 | 10.00 | 100% | 0% | 0% |
Literature - American Literature | 3 | 10.00 | 100% | 0% | 0% |
Literature - British Literature | 3 | 10.00 | 100% | 0% | 0% |
Literature - European Literature | 2 | 10.00 | 100% | 0% | 0% |
Literature - World Literature | 2 | 10.00 | 100% | 0% | 0% |
Other Academic | 1 | 10.00 | 100% | 0% | 0% |
Philosophy | 5 | 0.00 | 0% | 0% | 0% |
Science - Biology | 3 | 16.67 | 100% | 67% | 0% |
Science - Chemistry | 5 | 12.00 | 100% | 20% | 0% |
Science - Other Science | 2 | 20.00 | 100% | 50% | 50% |
Science - Physics | 4 | 12.50 | 100% | 25% | 0% |
Social Science | 7 | 10.00 | 57% | 43% | 0% |
Visual Arts | 2 | 10.00 | 100% | 0% | 0% |